Island Capital Cities whose closest Capital is on a Continental Country - Statistics

General Stats
  • This quiz has been taken 34 times
  • The average score is 17 of 20
Answer Stats
Capital % Correct
London
100%
Singapore
96%
Brussels
92%
Tokyo
92%
Valletta
92%
Nicosia
88%
Praia
88%
Dakar
84%
Kuala Lumpur
84%
Sao Tome
84%
Seoul
84%
Wellington
84%
Beirut
80%
Canberra
76%
Libreville
76%
Tripoli
76%
Doha
72%
Manama
72%
Victoria
72%
Mogadishu
68%
No matching quizzes found
Score Distribution
Percent of People with Each Score
Percentile by Number Answered
Your Score History
You have not taken this quiz